00487 2200193 4500245003900000020002200039250001000061100001300071700001800084700001600102650002600118650001000144005001900154260006500173041001400238084001200252300002000264336000900284 aPERJUANGAN CEMPLONcFahrudinhText a978-602-437-487-7 acet.1 aFahrudin aKity Karenisa aEko Pramono aCerita Anak Indonesia aEbook a20241107112846 aJakarta TimurbBalai Pengembangan dan Pembinaan Bahasac2018 aIndonesia a398.209 aviii :c63 hlm. atext